[Event "PUR-ch"]
[Site "San Juan"]
[Date "2017.07.22"]
[Round "7"]
[White "Melendez Lopez, Eduardo J"]
[Black "Schwabe Rivera, Ulrich"]
[Result "0-1"]
[WhiteElo "1442"]
[BlackElo "1713"]
[PlyCount "136"]
[EventDate "2017.07.14"]
[EventType "tourn"]
[EventRounds "11"]
[EventCountry "PUR"]
[SourceTitle "EXT 2018"]
[Source "ChessBase"]
[SourceDate "2017.10.13"]
[SourceVersion "1"]
[SourceVersionDate "2017.10.13"]
[SourceQuality "1"]

1. d4 Nf6 2. Bf4 g6 3. Nc3 Bg7 4. e4 d6 5. Qd2 0-0 6. 0-0-0 Re8 7. Nf3 c6 8. Be2 b5 9. d5 b4 10. Nb1 Nxe4 11. Qe3 cxd5 12. Rxd5 Nf6 13. Rdd1 Qa5 14. Bc4 Nc6 15. h3 Nd8 16. Bh6 Be6 17. Bxe6 Nxe6 18. Bxg7 Kxg7 19. a3 bxa3 20. Nxa3 Rac8 21. Kb1 Qc5 22. Qxc5 Nxc5 23. Nd2 Nce4 24. Nxe4 Nxe4 25. Rhf1 a6 26. Rd4 Nf6 27. f3 Rc6 28. Rfd1 Rec8 29. g4 Rc5 30. c4 Re5 31. f4 Re2 32. R4d2 Rxd2 33. Rxd2 Kf8 34. Rd4 Rb8 35. Kc2 Nd7 36. Kc3 h6 37. h4 Rb6 38. Nc2 Kg7 39. Nb4 Kf8 40. Nd5 Rb7 41. Nb4 Nc5 42. Nd3 Nxd3 43. Rxd3 Kg7 44. Rd5 Kf6 45. g5+ hxg5 46. fxg5+ Ke6 47. Ra5 Rb6 48. b4 f5 49. gxf6 Kxf6 50. b5 axb5 51. Rxb5 Rc6 52. Kb4 Ra6 53. c5 dxc5+ 54. Rxc5 e5 55. Kb5 Ra1 56. Rc6+ Kf5 57. Rc2 Rh1 58. Rf2+ Ke4 59. Re2+ Kd4 60. Rg2 Rxh4 61. Rxg6 e4 62. Rd6+ Ke3 63. Kc4 Ke2 64. Kc3 e3 65. Rg6 Ke1 66. Kd3 e2 67. Rg2 Rh3+ 68. Ke4 Kf1 0-1

[Event "PUR-ch"]
[Site "San Juan"]
[Date "2017.07.16"]
[Round "4"]
[White "Negron De Jesus, Willie Lee"]
[Black "Melendez Lopez, Eduardo J"]
[Result "1-0"]
[WhiteElo "1696"]
[BlackElo "1442"]
[PlyCount "75"]
[EventDate "2017.07.14"]
[EventType "tourn"]
[EventRounds "11"]
[EventCountry "PUR"]
[SourceTitle "EXT 2018"]
[Source "ChessBase"]
[SourceDate "2017.10.13"]
[SourceVersion "1"]
[SourceVersionDate "2017.10.13"]
[SourceQuality "1"]

1. c4 g6 2. Nc3 Bg7 3. Nf3 d6 4. g3 b6 5. Bg2 Bb7 6. 0-0 Nd7 7. d3 Ngf6 8. Bd2 0-0 9. Rb1 e5 10. e4 Nc5 11. Qe2 Ne6 12. Nd5 Nd4 13. Nxd4 exd4 14. Rfc1 Re8 15. Qd1 c5 16. Bg5 Bxd5 17. cxd5 a5 18. b3 h6 19. Bd2 Re7 20. a3 Rea7 21. b4 axb4 22. axb4 Ra3 23. Rb3 Nd7 24. f4 g5 25. Rcb1 Rxb3 26. Qxb3 f6 27. Bh3 Rb8 28. Ra1 Qc7 29. b5 Bf8 30. Ra6 Be7 31. Ra4 h5 32. Be6+ Kg7 33. Qd1 Rh8 34. Qa1 Nf8 35. Ra7 Qd8 36. Bf5 Nd7 37. Rxd7 Qf8 38. Qa7 1-0